HIV Health & Your Community: a guide for action (Record no. 4488)

MARC details
000 -LEADER
fixed length control field 00586nam a22002057a 4500
003 - CONTROL NUMBER IDENTIFIER
control field OSt
005 - DATE AND TIME OF LATEST TRANSACTION
control field 20160627150218.0
008 - FIXED-LENGTH DATA ELEMENTS--GENERAL INFORMATION
fixed length control field 160627b xxu||||| |||| 00| 0 eng d
020 ## - INTERNATIONAL STANDARD BOOK NUMBER
International Standard Book Number 0942364406
040 ## - CATALOGING SOURCE
Transcribing agency DNLM
082 ## - DEWEY DECIMAL CLASSIFICATION NUMBER
Classification number WA110 G75h 2001
100 ## - MAIN ENTRY--PERSONAL NAME
Personal name Granich, Reuben; Mermin, Jothan
9 (RLIN) 9638
245 ## - TITLE STATEMENT
Title HIV Health & Your Community: a guide for action
260 ## - PUBLICATION, DISTRIBUTION, ETC. (IMPRINT)
Place of publication, distribution, etc. USA; Hesperian Foundation, 2001
300 ## - PHYSICAL DESCRIPTION
Extent ix,245p; ill: 26cm
504 ## - BIBLIOGRAPHY, ETC. NOTE
Bibliography, etc Glossary, references, & index included
650 ## - SUBJECT ADDED ENTRY--TOPICAL TERM
Topical term or geographic name as entry element HIV Health
9 (RLIN) 9639
650 ## - SUBJECT ADDED ENTRY--TOPICAL TERM
Topical term or geographic name as entry element Community Health
9 (RLIN) 2112
942 ## - ADDED ENTRY ELEMENTS (KOHA)
Source of classification or shelving scheme Other/Generic Classification Scheme
Koha item type Open Shelf
Holdings
Withdrawn status Lost status Source of classification or shelving scheme Damaged status Not for loan Home library Current library Date acquired Source of acquisition Inventory number Total Checkouts Full call number Barcode Date last seen Koha item type Price effective from
    Other/Generic Classification Scheme     MUST Main Library MUST Main Library 27/06/2016   03/18353   WA110 G75h 2001 2016-2743 27/06/2016 Open Shelf  
    Other/Generic Classification Scheme     MUST Main Library MUST Main Library 27/06/2016   03/18371   WA110 G75h 2001 2016-2744 27/06/2016 Open Shelf  
    Other/Generic Classification Scheme     MUST Main Library MUST Main Library 15/07/2016   2003/18371   WA110 G75h 2001 2016-3190 15/07/2016 Open Shelf 15/07/2016